• 首页
  • 本馆介绍
  • 公告通知
  • 最新文献
  • 馆藏检索
  • 电子资源
  • 读者导购
  • 参考咨询
  • 我的图书馆
  • 登录
  • 详细信息显示
  • 放入我的书架
  • 预约/预借图书
  • 作者相关作品
  • 分类相关作品
  • 丛书相关作品
  • 出版社相关作品

书目信息

  • 表格格式
  • 工作单格式
  • 卡片格式
题名:
现代服装设计理念与创新思维研究
    
 
作者: 徐天宇, 著
分册:  
出版信息: 北京   中国商业出版社  2021.12
页数: 192页
开本: 24cm
丛书名:
单 册:
中图分类: TS941.2
科图分类:
主题词: 服装设计--fu zhuang she ji
电子资源:
ISBN: 978-7-5208-1991-6
000 01341nam0 2200265 450
001 CAL 0120227348780
005 20230217093112.0
010    @a978-7-5208-1991-6@dCNY75.00
100    @a20220209d2021 em y0chiy0120 ea
101 0  @achi
102    @aCN@b110000
105    @aa a 000yy
106    @ar
200 1  @a现代服装设计理念与创新思维研究@Axian dai fu zhuang she ji li nian yu chuang xin si wei yan jiu@f徐天宇著
210    @a北京@c中国商业出版社@d2021.12
215    @a192页@c图@d24cm
300    @a支持基金项目: 湖北省高等教育学会资源平台共建项目“基于服装职业能力提升的校企协同育人资源平台建设与运行机制研究”, 湖北工程学院2021年度金课建设项目“服装设计方法与原理”课程, 湖北工程学院2021年度校级教学改革研究项目
314    @a徐天宇, 女, 1986年出生, 吉林大学服装设计与工程专业硕士研究生, 韩国加耶大学在读博士。现为湖北工程学院讲师, 主讲服装设计方法与原理、服装材料学、服装立体造型设计、染织与编结工艺等课程。
320    @a有书目 (第189-192页)
330    @a本书是服装设计方面的著作, 主要包括服装设计概述、服装设计心理学、服装美学、服装设计创新思维与表现、服装设计主题的拓展、服装设计元素与方法、服装设计风格与定位、服装创新设计思维与实践等。
606 0  @a服装设计@Afu zhuang she ji
690    @aTS941.2@v5
701  0 @a徐天宇,@Axu tian yu@f1986-@4著
801  0 @aCN@bBJXHZP@c20230228
905    @b1396816-9@dTS941.2@e123@f4
    
    现代服装设计理念与创新思维研究/徐天宇著.-北京:中国商业出版社,2021.12
    192页:图;24cm
    支持基金项目: 湖北省高等教育学会资源平台共建项目“基于服装职业能力提升的校企协同育人资源平台建设与运行机制研究”, 湖北工程学院2021年度金课建设项目“服装设计方法与原理”课程, 湖北工程学院2021年度校级教学改革研究项目
    
    ISBN 978-7-5208-1991-6:CNY75.00
    本书是服装设计方面的著作, 主要包括服装设计概述、服装设计心理学、服装美学、服装设计创新思维与表现、服装设计主题的拓展、服装设计元素与方法、服装设计风格与定位、服装创新设计思维与实践等。
●
相关链接 在E读中查询图书 在五车中查询图书 在当当中查询图书 在豆瓣中查询图书


正题名:现代服装设计理念与创新思维研究     索取号:TS941.2/123         预约/预借

序号 登录号 条形码 馆藏地/架位号 状态 备注
1 1396816   213968161   第二样本阅览室/ [索取号:TS941.2/123] 在馆    
2 1396817   213968170   第三借阅区/ [索取号:TS941.2/123] 在馆    
3 1396818   213968189   第三借阅区/ [索取号:TS941.2/123] 在馆    
4 1396819   213968198   第三借阅区/ [索取号:TS941.2/123] 在馆    
唐山师范学院图书馆 欢迎您!
大连网信软件有限公司© 版权所有